000 00362nam a2200145Ia 4500
008 240624s9999 xx 000 0 und d
041 _aeng
082 _a658 FER
100 _aFERRELL O C
245 _aBUSINESS A CHANGING WORLD
250 _a(5th ed.)
260 _c2006
_aBoston
_bMcGraw-Hill/Irwin
300 _axxxiv, : 506 : p. : cm. ; 25
365 _c
_b20
999 _c16032
_d16032